[Event "Titled Tuesday intern op 16th Jan Late"]
[Site "Chess.com INT"]
[Date "2024.01.16"]
[Round "1"]
[White "Matsuura, Frederico"]
[Black "Sadovsky, Artem"]
[Result "0-1"]
[WhiteElo "2244"]
[BlackElo "2276"]
[PlyCount "45"]
[EventDate "2024.01.16"]
[EventType "swiss (blitz)"]
[EventRounds "11"]
[EventCountry "USA"]
[SourceTitle "CB04_2024"]
[SourceDate "2023.10.16"]
[SourceVersion "1"]
[SourceVersionDate "2023.10.16"]
[SourceQuality "1"]

1. d4 g6 2. e4 Bg7 3. Nf3 c6 4. Nc3 d5 5. h3 dxe4 6. Nxe4 Nd7 7. Bc4 Ngf6 8. Nxf6+ Nxf6 9. 0-0 0-0 10. Re1 Qc7 11. c3 c5 12. Qe2 cxd4 13. Nxd4 e5 14. Nb5 Qc6 15. Na3 a6 16. Bg5 b5 17. Bb3 Bb7 18. f3 Nh5 19. Rad1 Qc5+ 20. Qf2 Qc7 21. Nc2 h6 22. Be3 Rfd8 23. Nb4 0-1

[Event "Titled Tuesday intern op 12th Sep Late"]
[Site "Chess.com INT"]
[Date "2023.09.12"]
[Round "3"]
[White "Caruana, Fabiano"]
[Black "Matsuura, Frederico"]
[Result "1-0"]
[WhiteElo "2786"]
[BlackElo "2244"]
[PlyCount "61"]
[EventDate "2023.09.12"]
[EventType "swiss (blitz)"]
[EventRounds "11"]
[EventCountry "USA"]
[SourceTitle "EXT 2024"]
[Source "ChessBase"]
[SourceDate "2023.10.10"]
[SourceVersion "1"]
[SourceVersionDate "2023.10.10"]
[SourceQuality "1"]

1. b3 e5 2. Bb2 Nc6 3. e3 Nge7 4. c4 d6 5. Nf3 g6 6. Be2 Bg7 7. 0-0 0-0 8. Nc3 f5 9. d4 e4 10. Nd2 Bd7 11. d5 Ne5 12. b4 Kh8 13. Nb3 Qe8 14. Nd4 Qf7 15. Rc1 a5 16. b5 b6 17. Nc6 h5 18. Na4 f4 19. exf4 Ng4 20. Bxg7+ Qxg7 21. Qd2 Rae8 22. Rce1 Nf5 23. Bxg4 hxg4 24. Nc3 g3 25. fxg3 e3 26. Qd3 Qh6 27. Ne4 Bxc6 28. bxc6 Qh5 29. Ng5 e2 30. Rf3 Qh6 31. Ne6 1-0

[Event "Titled Tuesday intern op 13th Jun Late"]
[Site "Chess.com INT"]
[Date "2023.06.13"]
[Round "9"]
[White "Toniutti, Ezio"]
[Black "Matsuura, Frederico"]
[Result "1-0"]
[WhiteElo "2201"]
[BlackElo "2244"]
[PlyCount "39"]
[EventDate "2023.06.13"]
[EventType "swiss (blitz)"]
[EventRounds "11"]
[EventCountry "USA"]
[SourceTitle "EXT 2024"]
[Source "ChessBase"]
[SourceDate "2023.10.10"]
[SourceVersion "1"]
[SourceVersionDate "2023.10.10"]
[SourceQuality "1"]

1. d4 e6 2. c4 d5 3. g3 Nf6 4. Nf3 Be7 5. Bg2 0-0 6. 0-0 b6 7. cxd5 exd5 8. Nc3 Bb7 9. Bf4 Na6 10. Rc1 c5 11. Nh4 Ne4 12. Nf5 Bf6 13. e3 Be7 14. Nxe4 dxe4 15. Qg4 g6 16. Rfd1 Qe8 17. Bh6 Bc8 18. Nxe7+ Qxe7 19. Bxf8 Kxf8 20. Qxe4 1-0

[Event "Titled Tuesday intern op 13th Jun Late"]
[Site "Chess.com INT"]
[Date "2023.06.13"]
[Round "4"]
[White "Yurasova, Daria"]
[Black "Matsuura, Frederico"]
[Result "0-1"]
[WhiteElo "2081"]
[BlackElo "2244"]
[PlyCount "114"]
[EventDate "2023.06.13"]
[EventType "swiss (blitz)"]
[EventRounds "11"]
[EventCountry "USA"]
[SourceTitle "EXT 2024"]
[Source "ChessBase"]
[SourceDate "2023.10.10"]
[SourceVersion "1"]
[SourceVersionDate "2023.10.10"]
[SourceQuality "1"]

1. d4 e6 2. e4 d5 3. Nd2 Be7 4. c3 c5 5. Ngf3 cxd4 6. Nxd4 Nc6 7. Bb5 Qb6 8. 0-0 Nf6 9. exd5 Nxd5 10. Nc4 Qc7 11. Qg4 0-0 12. Bxc6 bxc6 13. Qg3 Qxg3 14. hxg3 c5 15. Nc6 Bf6 16. Rd1 Bb7 17. N6e5 Rfd8 18. Ng4 Be7 19. Nge3 Nxe3 20. Bxe3 f6 21. Nd2 Bd5 22. Nb3 Rdc8 23. Rd2 Kf7 24. Rad1 c4 25. Nd4 a6 26. Ne2 Rab8 27. Nf4 Be4 28. f3 Ba8 29. Ne2 Bd5 30. Nd4 Rb7 31. Re2 Rcb8 32. Rdd2 g6 33. f4 h5 34. Nf3 Be4 35. Bd4 Bd3 36. Rf2 Bd6 37. Ne1 Ke7 38. Nxd3 cxd3 39. b4 a5 40. Rxd3 axb4 41. cxb4 Bxb4 42. Re2 Rd7 43. Re1 Rbd8 44. Red1 e5 45. fxe5 fxe5 46. Re3 Rxd4 47. Rxd4 Rxd4 48. Rxe5+ Kf6 49. Rb5 Bd6 50. Rb6 Kf5 51. Rb5+ Be5 52. Kh2 Rd3 53. Kh1 Rxg3 54. a4 Ra3 55. Kg1 Rxa4 56. Rb8 Bxb8 57. g4+ Rxg4+ 0-1

[Event "Titled Tuesday intern op 28th Feb Late"]
[Site "Chess.com INT"]
[Date "2023.02.28"]
[Round "3"]
[White "Ezat, Mohamed Mahmoud"]
[Black "Matsuura, Frederico"]
[Result "0-1"]
[WhiteElo "2400"]
[BlackElo "2244"]
[PlyCount "56"]
[EventDate "2023.02.28"]
[EventType "swiss (blitz)"]
[EventRounds "11"]
[EventCountry "USA"]
[SourceTitle "CBM 213 Extra"]
[Source "ChessBase"]
[SourceDate "2023.05.31"]
[SourceVersion "1"]
[SourceVersionDate "2023.05.31"]
[SourceQuality "1"]

1. e4 e6 2. d3 d5 3. Nd2 f5 4. Ngf3 Nf6 5. Be2 Be7 6. 0-0 0-0 7. c3 c5 8. Qc2 Nc6 9. Rd1 Qc7 10. Rf1 Bd7 11. Rd1 Kh8 12. exd5 exd5 13. Nf1 f4 14. d4 Ne4 15. Bd3 Bf5 16. N1d2 Nxd2 17. Bxd2 Bg4 18. Bxh7 Bxf3 19. gxf3 cxd4 20. Bd3 Qd7 21. Re1 Rf6 22. Bb5 Bd6 23. Qd3 Qh3 24. Kh1 Rh6 25. Bxf4 Bxf4 26. Kg1 Bxh2+ 27. Kh1 Bg3+ 28. Kg1 Qh1# 0-1

[Event "Titled Tuesday intern op 21st Feb Late"]
[Site "Chess.com INT"]
[Date "2023.02.21"]
[Round "8"]
[White "Matsuura, Frederico"]
[Black "Ezat, Mohamed Mahmoud"]
[Result "0-1"]
[WhiteElo "2244"]
[BlackElo "2400"]
[PlyCount "82"]
[EventDate "2023.02.21"]
[EventType "swiss (blitz)"]
[EventRounds "11"]
[EventCountry "USA"]
[SourceTitle "CBM 212 Extra"]
[Source "ChessBase"]
[SourceDate "2023.03.31"]
[SourceVersion "1"]
[SourceVersionDate "2023.03.31"]
[SourceQuality "1"]

1. d4 d6 2. e4 Nf6 3. Nc3 g6 4. Nf3 Bg7 5. h3 0-0 6. Be3 b6 7. Bc4 Bb7 8. e5 Ne8 9. e6 f5 10. h4 d5 11. Bb3 f4 12. Bc1 Qd6 13. h5 Qxe6+ 14. Kf1 c6 15. Ne2 Ba6 16. hxg6 hxg6 17. c3 Nd6 18. Bc2 Ne4 19. Bd3 Bxd3 20. Qxd3 Nd7 21. Nxf4 Qg4 22. Rh4 Qf5 23. Rh3 e5 24. dxe5 Nxe5 25. Nxe5 Bxe5 26. Rf3 Bxf4 27. Bxf4 Qh5 28. Kg1 g5 29. Bh2 g4 30. Rxf8+ Rxf8 31. Bg3 Rf7 32. Re1 Rh7 33. Kf1 Qh1+ 34. Ke2 Qxg2 35. Qe3 Nxg3+ 36. Qxg3 Re7+ 37. Kd2 Qxg3 38. fxg3 Rxe1 39. Kxe1 Kf7 40. Ke2 Kf6 41. Ke3 Ke5 0-1

[Event "Titled Tuesday intern op 21st Feb Late"]
[Site "Chess.com INT"]
[Date "2023.02.21"]
[Round "11"]
[White "Matsuura, Frederico"]
[Black "Mendes, Aaron Reeve"]
[Result "0-1"]
[WhiteElo "2244"]
[BlackElo "2081"]
[PlyCount "120"]
[EventDate "2023.02.21"]
[EventType "swiss (blitz)"]
[EventRounds "11"]
[EventCountry "USA"]
[SourceTitle "CBM 212 Extra"]
[Source "ChessBase"]
[SourceDate "2023.03.31"]
[SourceVersion "1"]
[SourceVersionDate "2023.03.31"]
[SourceQuality "1"]

1. d4 Nf6 2. c4 e6 3. Nf3 Bb4+ 4. Bd2 Bxd2+ 5. Qxd2 b6 6. Nc3 Bb7 7. g3 0-0 8. Bg2 c5 9. d5 d6 10. 0-0 e5 11. e4 Ne8 12. Ne1 g6 13. Nd3 f5 14. f4 Nd7 15. b3 a6 16. fxe5 dxe5 17. Rae1 Qf6 18. Bh3 Nd6 19. Qe2 Rae8 20. Rf2 Qg5 21. Ref1 f4 22. Bxd7 fxg3 23. Rg2 Rd8 24. Be6+ Kg7 25. Rxg3 Qh6 26. Nxe5 Rxf1+ 27. Qxf1 Qd2 28. Rf3 Qd4+ 29. Kh1 Qxe5 30. Qh3 Bc8 31. Bxc8 Rxc8 32. Qg3 Re8 33. Qxe5+ Rxe5 34. Re3 b5 35. cxb5 axb5 36. a4 b4 37. Nb5 Rxe4 38. Rxe4 Nxe4 39. a5 Nc3 40. Nd6 Nxd5 41. a6 Nb6 42. a7 Kf8 43. Kg2 Na8 44. Kf3 Ke7 45. Nb7 c4 46. Nc5 c3 47. Ke2 Kd6 48. Nd3 Kc6 49. Nxb4+ Kc5 50. Nc2 Kb6 51. Kd3 Kxa7 52. Kxc3 Kb6 53. Kd4 Nc7 54. Ke5 Ne8 55. Ke6 Ng7+ 56. Kf7 Nf5 57. Kg8 h5 58. Kh7 Ne7 59. Kh6 Kc5 60. b4+ Kc4 0-1

[Event "Titled Tuesday intern op 09th Aug Late"]
[Site "Chess.com INT"]
[Date "2022.08.09"]
[Round "10"]
[White "Adewumi, Tanitoluwa"]
[Black "Matsuura, Frederico"]
[Result "1-0"]
[WhiteElo "2302"]
[BlackElo "2244"]
[PlyCount "121"]
[EventDate "2022.08.09"]
[EventType "swiss (blitz)"]
[EventRounds "11"]
[EventCountry "USA"]
[SourceTitle "EXT 2023"]
[Source "ChessBase"]
[SourceDate "2022.10.05"]
[SourceVersion "1"]
[SourceVersionDate "2022.10.05"]
[SourceQuality "1"]

1. e4 e6 2. d4 d5 3. Nc3 Bb4 4. e5 Qd7 5. Nge2 b6 6. a3 Bf8 7. h4 Ba6 8. h5 h6 9. g3 c5 10. Bh3 Nc6 11. Nf4 cxd4 12. Ncxd5 Qb7 13. Nxe6 fxe6 14. Bxe6 Nxe5 15. Bf4 Bd6 16. Rh4 Nf6 17. Nxf6+ gxf6 18. Bxe5 Bxe5 19. Qg4 Qe7 20. 0-0-0 Rd8 21. f4 Rd6 22. Bf5 d3 23. fxe5 d2+ 24. Rxd2 Rxd2 25. Kxd2 fxe5 26. Qa4+ Kd8 27. Qxa6 Qg5+ 28. Kd1 Qxf5 29. Qxa7 Qf1+ 30. Kd2 Qf2+ 31. Kc3 Qxg3+ 32. Kd2 Qf2+ 33. Kd3 Qxh4 34. Qb8+ Kd7 35. Qxh8 Qd4+ 36. Ke2 Qxb2 37. Qh7+ Kc8 38. Qxh6 Qxc2+ 39. Qd2 Qe4+ 40. Qe3 Qg2+ 41. Kd3 Qf1+ 42. Kc3 Qa1+ 43. Kb4 Qb1+ 44. Qb3 Qh1 45. Qg8+ Kb7 46. Qg7+ Ka6 47. h6 Qe4+ 48. Kc3 Qd4+ 49. Kc2 Qc4+ 50. Kd2 Qd4+ 51. Ke2 Qe4+ 52. Kf2 Qf4+ 53. Kg2 Qe4+ 54. Kg3 Qf4+ 55. Kh3 Qf3+ 56. Kh4 Qf4+ 57. Kh5 Qf5+ 58. Qg5 Qh3+ 59. Kg6 Qd3+ 60. Kg7 Qd7+ 61. Kh8 1-0

[Event "Titled Tuesday intern op 12th Jul Late"]
[Site "Chess.com INT"]
[Date "2022.07.12"]
[Round "9"]
[White "Matsuura, Frederico"]
[Black "Boor, Carl Brandon"]
[Result "1-0"]
[WhiteElo "2244"]
[BlackElo "2231"]
[PlyCount "133"]
[EventDate "2022.07.12"]
[EventType "swiss (blitz)"]
[EventRounds "11"]
[EventCountry "USA"]
[SourceTitle "EXT 2023"]
[Source "ChessBase"]
[SourceDate "2022.10.05"]
[SourceVersion "1"]
[SourceVersionDate "2022.10.05"]
[SourceQuality "1"]

1. d4 Nf6 2. Bg5 Ne4 3. Bh4 g5 4. f3 gxh4 5. fxe4 c5 6. e3 Bh6 7. Kf2 Qb6 8. Nc3 cxd4 9. Qxd4 0-0 10. Qxb6 axb6 11. Nd5 Nc6 12. Nxb6 Ra5 13. Nf3 h3 14. g3 d6 15. Nxc8 Rxc8 16. Bxh3 Rca8 17. a3 Rc5 18. c3 Ne5 19. Nxe5 Rxe5 20. Bg2 Ra6 21. Rhd1 Rb6 22. b4 Rc6 23. Rac1 b5 24. Rd5 Ra6 25. Rxe5 dxe5 26. Bf1 Rf6+ 27. Ke2 Ra6 28. Kd2 Rd6+ 29. Bd3 f5 30. Ke2 f4 31. gxf4 exf4 32. exf4 Bxf4 33. Rg1+ Kf8 34. Bxb5 Rd2+ 35. Kf3 e5 36. a4 Rxh2 37. a5 Rh3+ 38. Kg4 Rxc3 39. Ra1 Be3 40. a6 Ba7 41. Kf5 Rb3 42. Ra4 Ke7 43. Kxe5 h5 44. Bc4 Rb1 45. b5 h4 46. Ra3 Rb4 47. Kd5 Rb1 48. Rh3 Rd1+ 49. Kc6 Rd6+ 50. Kb7 Rd7+ 51. Ka8 Bf2 52. Bd5 Ra7+ 53. Kb8 Rd7 54. Bb7 Bg3+ 55. Ka8 Rd8+ 56. Ka7 Bf2+ 57. b6 Rd6 58. Kb8 Bxb6 59. a7 Rd8+ 60. Bc8 Bxa7+ 61. Kxa7 Rxc8 62. Rxh4 Ke6 63. Kb6 Ke5 64. Kb5 Rf8 65. Kc4 Rf4 66. Rxf4 Kxf4 67. Kd5 1-0

[Event "Titled Tuesday intern op 12th Jul Late"]
[Site "Chess.com INT"]
[Date "2022.07.12"]
[Round "4"]
[White "Matsuura, Frederico"]
[Black "Carrasco Miranda, Andres"]
[Result "1/2-1/2"]
[WhiteElo "2244"]
[BlackElo "2285"]
[PlyCount "48"]
[EventDate "2022.07.12"]
[EventType "swiss (blitz)"]
[EventRounds "11"]
[EventCountry "USA"]
[SourceTitle "EXT 2023"]
[Source "ChessBase"]
[SourceDate "2022.10.05"]
[SourceVersion "1"]
[SourceVersionDate "2022.10.05"]
[SourceQuality "1"]

1. d4 Nf6 2. c4 g6 3. Nc3 d5 4. Nf3 Bg7 5. e3 0-0 6. Qb3 dxc4 7. Bxc4 Nc6 8. Qc2 Bf5 9. e4 Bg4 10. d5 Bxf3 11. gxf3 Nd4 12. Qd1 c6 13. dxc6 bxc6 14. Be3 c5 15. 0-0 Rb8 16. Rb1 Nd7 17. f4 e6 18. Qg4 Nf6 19. Qg2 Nh5 20. Kh1 Qh4 21. Qg5 Qh3 22. Qg2 Qh4 23. Qg5 Qh3 24. Qg2 Qh4 1/2-1/2

[Event "Titled Tuesday intern op 12th Jul Late"]
[Site "Chess.com INT"]
[Date "2022.07.12"]
[Round "7"]
[White "Matsuura, Frederico"]
[Black "Rios Escobar, Adan"]
[Result "0-1"]
[WhiteElo "2244"]
[BlackElo "2276"]
[PlyCount "102"]
[EventDate "2022.07.12"]
[EventType "swiss (blitz)"]
[EventRounds "11"]
[EventCountry "USA"]
[SourceTitle "EXT 2023"]
[Source "ChessBase"]
[SourceDate "2022.10.05"]
[SourceVersion "1"]
[SourceVersionDate "2022.10.05"]
[SourceQuality "1"]

1. d4 Nf6 2. Bg5 c5 3. Bxf6 exf6 4. d5 d6 5. g3 g6 6. Bg2 Bg7 7. e3 f5 8. c3 0-0 9. Ne2 b5 10. Qc2 Nd7 11. 0-0 Re8 12. a4 b4 13. Nd2 a5 14. Rfe1 Ba6 15. Rac1 Qf6 16. Nf4 Rab8 17. Nb3 bxc3 18. bxc3 Qd8 19. Rb1 Ne5 20. Red1 Nc4 21. Qc1 Re7 22. Nd2 Ne5 23. Bf1 Bxf1 24. Kxf1 Reb7 25. Qc2 h5 26. h4 Bf6 27. Rxb7 Rxb7 28. Rb1 Qb8 29. Rxb7 Qxb7 30. Qb3 Qxb3 31. Nxb3 Bd8 32. Ke2 Nc4 33. Nd3 Kf8 34. Kd1 Ke7 35. Kc2 Kd7 36. Nb2 Ne5 37. Nd3 Ng4 38. c4 Ke7 39. Kd2 Kf6 40. Ke2 Kg7 41. f3 Nf6 42. Nf4 Nd7 43. Nd3 Nb6 44. Nb2 Bf6 45. Nd3 Nxc4 46. Nf2 Bc3 47. Kd3 Be1 48. Kxc4 Bxf2 49. Kb5 Bxg3 50. Nxa5 Bxh4 51. Nc4 Bd8 0-1

[Event "Titled Tuesday intern op 05th Jul Late"]
[Site "Chess.com INT"]
[Date "2022.07.05"]
[Round "11"]
[White "Matsuura, Frederico"]
[Black "Shuvalova, Polina"]
[Result "1-0"]
[WhiteElo "2244"]
[BlackElo "2498"]
[PlyCount "51"]
[EventDate "2022.07.05"]
[EventType "swiss (blitz)"]
[EventRounds "11"]
[EventCountry "USA"]
[SourceTitle "CBM 209 Extra"]
[Source "ChessBase"]
[SourceDate "2022.09.30"]
[SourceVersion "1"]
[SourceVersionDate "2022.09.30"]
[SourceQuality "1"]

1. d4 Nf6 2. Bg5 Ne4 3. Bh4 d5 4. f3 Nd6 5. Nc3 c6 6. e4 dxe4 7. fxe4 g6 8. Qd2 Bg7 9. 0-0-0 0-0 10. Nf3 Nd7 11. Kb1 b5 12. e5 Nf5 13. Bf2 e6 14. g4 Ne7 15. Bh4 Nb6 16. Ne4 Nbd5 17. Bd3 a5 18. Bg5 Kh8 19. h4 a4 20. h5 Kg8 21. Bh6 Bh8 22. Nfg5 Bg7 23. Bxg7 Kxg7 24. hxg6 fxg6 25. Rxh7+ Kg8 26. Qh2 1-0

[Event "Titled Tuesday intern op 05th Jul Late"]
[Site "Chess.com INT"]
[Date "2022.07.05"]
[Round "9"]
[White "Matsuura, Frederico"]
[Black "Souleidis, Georgios"]
[Result "1-0"]
[WhiteElo "2244"]
[BlackElo "2426"]
[PlyCount "73"]
[EventDate "2022.07.05"]
[EventType "swiss (blitz)"]
[EventRounds "11"]
[EventCountry "USA"]
[SourceTitle "CBM 209 Extra"]
[Source "ChessBase"]
[SourceDate "2022.09.30"]
[SourceVersion "1"]
[SourceVersionDate "2022.09.30"]
[SourceQuality "1"]

1. d4 Nf6 2. Bg5 e6 3. Nf3 d5 4. e3 c5 5. c3 Be7 6. Bd3 Nc6 7. Nbd2 a6 8. Ne5 Nxe5 9. dxe5 Nd7 10. Bf4 b5 11. h4 Bb7 12. Qg4 Bf8 13. 0-0 Qc7 14. Nf3 c4 15. Bc2 Nc5 16. Nd4 Ne4 17. f3 h5 18. Qh3 Nc5 19. Qg3 g6 20. b4 Nd3 21. Rfd1 Nxf4 22. exf4 Bg7 23. a4 0-0 24. axb5 axb5 25. Nxb5 Qb6+ 26. Nd4 Rxa1 27. Rxa1 Re8 28. Ra5 Bf8 29. Kh2 Bc6 30. Bxg6 fxg6 31. Qxg6+ Kh8 32. Qxh5+ Kg8 33. Qg6+ Kh8 34. Nxe6 Bd7 35. Qh5+ Kg8 36. Ng5 Qa6 37. Rxa6 1-0

[Event "Titled Tuesday intern op 07th Jun Late"]
[Site "Chess.com INT"]
[Date "2022.06.07"]
[Round "9"]
[White "Howell, David"]
[Black "Matsuura, Frederico"]
[Result "1-0"]
[WhiteElo "2650"]
[BlackElo "2244"]
[PlyCount "57"]
[EventDate "2022.06.07"]
[EventType "swiss (blitz)"]
[EventRounds "11"]
[EventCountry "USA"]
[SourceTitle "CBM 208 Extra"]
[Source "ChessBase"]
[SourceDate "2022.07.31"]
[SourceVersion "1"]
[SourceVersionDate "2022.07.31"]
[SourceQuality "1"]

1. e4 e6 2. d3 d5 3. Nd2 f5 4. Qe2 Be7 5. g3 Nf6 6. Bg2 0-0 7. Ngf3 dxe4 8. dxe4 f4 9. Nc4 fxg3 10. hxg3 Nc6 11. c3 b5 12. Nce5 Nxe5 13. Nxe5 b4 14. Nc6 Qe8 15. e5 Nd5 16. Nxe7+ Qxe7 17. c4 Ba6 18. Qc2 Nb6 19. Qxh7+ Kf7 20. Qh5+ Kg8 21. Be4 Rf5 22. Bxf5 exf5 23. Qh7+ Kf7 24. Qxf5+ Kg8 25. Qh7+ Kf7 26. Qf5+ Kg8 27. Bg5 Qc5 28. Qe6+ Kf8 29. Rh8# 1-0

[Event "Titled Tuesday intern op 17th May Late"]
[Site "Chess.com INT"]
[Date "2022.05.17"]
[Round "1"]
[White "Matsuura, Frederico"]
[Black "Schekachikhin, Maksim"]
[Result "0-1"]
[WhiteElo "2244"]
[BlackElo "2433"]
[PlyCount "68"]
[EventDate "2022.05.17"]
[EventType "swiss (blitz)"]
[EventRounds "11"]
[EventCountry "USA"]
[SourceTitle "CBM 208 Extra"]
[Source "ChessBase"]
[SourceDate "2022.07.31"]
[SourceVersion "1"]
[SourceVersionDate "2022.07.31"]
[SourceQuality "1"]

1. d4 Nf6 2. c4 c5 3. d5 b5 4. Nf3 g6 5. a4 bxc4 6. Nc3 Bg7 7. e4 0-0 8. Nd2 d6 9. Nxc4 Nbd7 10. Be2 Ba6 11. 0-0 Nb6 12. Ne3 Bxe2 13. Qxe2 a5 14. f3 Rb8 15. Nb5 Ne8 16. Kh1 Qd7 17. Nc3 Nc7 18. Ra3 Qc8 19. f4 Qa6 20. Qf2 Nc4 21. Nxc4 Qxc4 22. f5 Qd4 23. Be3 Qb4 24. Bc1 c4 25. Qh4 Rfe8 26. Nb5 Nxb5 27. axb5 c3 28. bxc3 Qxb5 29. Kg1 Qd3 30. Bh6 Rb1 31. Ra1 Rxa1 32. Rxa1 Qxc3 33. Rf1 a4 34. Bxg7 Qxg7 0-1

[Event "Titled Tuesday intern op 17th May Late"]
[Site "Chess.com INT"]
[Date "2022.05.17"]
[Round "9"]
[White "Matsuura, Frederico"]
[Black "Terletsky, Oleg"]
[Result "1-0"]
[WhiteElo "2244"]
[BlackElo "2176"]
[PlyCount "107"]
[EventDate "2022.05.17"]
[EventType "swiss (blitz)"]
[EventRounds "11"]
[EventCountry "USA"]
[SourceTitle "CBM 208 Extra"]
[Source "ChessBase"]
[SourceDate "2022.07.31"]
[SourceVersion "1"]
[SourceVersionDate "2022.07.31"]
[SourceQuality "1"]

1. d4 Nf6 2. c4 g6 3. Nc3 Bg7 4. e4 d6 5. Be2 0-0 6. Nf3 e5 7. d5 Na6 8. Bg5 h6 9. Bh4 Qe8 10. Nd2 Nh7 11. 0-0 h5 12. f3 Bh6 13. Bf2 Qe7 14. Rb1 h4 15. b4 Qg5 16. Be1 Qe3+ 17. Rf2 Qxc3 18. Nb3 Qe3 19. Bd2 Nxb4 20. Bxe3 Bxe3 21. Qe1 Nc2 22. Qc3 Bxf2+ 23. Kxf2 Nd4 24. Nxd4 exd4 25. Qxd4 b6 26. e5 Bf5 27. Re1 dxe5 28. Qxe5 Rac8 29. Bf1 Rfd8 30. Qf4 Nf6 31. Qxh4 Kg7 32. g4 Bd7 33. Qg5 Re8 34. Rxe8 Rxe8 35. h4 Bxg4 36. Qf4 Bf5 37. Qxc7 Nd7 38. Qxa7 Rc8 39. Qb7 Rb8 40. Qa7 Rc8 41. a4 Ne5 42. Qxb6 Nxc4 43. Bxc4 Rxc4 44. a5 Rc2+ 45. Ke3 Ra2 46. a6 Ra3+ 47. Kf2 Ra2+ 48. Kg3 Ra3 49. a7 Be4 50. Qd4+ Kh6 51. Qxe4 f5 52. Qf4+ Kh5 53. Qb8 Ra6 54. Qh8# 1-0